| 000 | 00793nam a2200145Ia 4500 | ||
|---|---|---|---|
| 008 | 231221s9999 xx 000 0 und d | ||
| 041 | _aEnglish | ||
| 082 | _aCPEC15-1097 | ||
| 100 | _aSwetha G M. Ayesha Siddiqua. Sambasiva Rao, Sambasiva Rao, Sambasiva Rao, V. | ||
| 245 | 0 | _aRealization Of PSK/PM Modem For Satellite Commanding | |
| 260 | _c2015 | ||
| 500 | _aRealization Of PSK/PM Modem For Satellite Commanding Swetha G M, Ms.Ayesha Siddiqua and V. Sambasiva Rao Department of Electronics and Communication Engineering, PES Institute of Technology, Bangalore, INDIA International Conference on Current Innovations in Engineering and Technology, ISBN: 978-1511884-099, pp 172-177, 2015 | ||
| 650 | _aRealization,PSK/PM,Modem,Satellite,Commanding | ||
| 942 | _cIR | ||
| 999 |
_c233623 _d233623 |
||